[Event "Deutsche Ländermeisterschaft 2021"]
[Site "Neumünster GER"]
[Date "2021.10.04"]
[Round "4"]
[White "Hommer, Jeremy"]
[Black "Richter, Philipp"]
[Result "0-1"]
[Termination "normal"]
[Board "2.2"]
[WhiteElo "2278"]
[BlackElo "2227"]
[WhiteClock "00:36:58"]
[BlackClock "00:11:37"]
[WhiteTeam "Niedersachsen"]
[BlackTeam "Sachsen"]
[PlyCount "50"]
[WhiteFideId "12992577"]
[BlackFideId "16219929"]
[EventCountry "GER"]
[EventRounds "7"]
[EventType "team-swiss"]
[EventDate "2021.10.01"]

1. d4 {[%clk 1:30:53]} Nf6 {[%clk 1:30:56]} 2. Nf3 {[%clk 1:31:18]} e6 {[%clk
1:30:54]} 3. Bg5 {[%clk 1:31:42]} c5 {[%clk 1:30:52]} 4. d5 {[%clk 1:32:08]}
exd5 {[%clk 1:26:49]} 5. Nc3 {[%clk 1:32:34]} d4 {[%clk 1:22:35]} 6. Bxf6
{[%clk 1:32:57]} Qxf6 {[%clk 1:14:14]} 7. Nd5 {[%clk 1:33:23]} Qd6 {[%clk
1:14:14]} 8. e4 {[%clk 1:33:49]} Nc6 {[%clk 1:10:42]} 9. Bc4 {[%clk 1:33:04]}
Be7 {[%clk 1:03:11]} 10. O-O {[%clk 1:33:30]} O-O {[%clk 0:59:35]} 11. e5
{[%clk 1:33:35]} Qh6 {[%clk 0:58:10]} 12. c3 {[%clk 1:32:02]} d6 {[%clk
0:50:28]} 13. cxd4 {[%clk 1:32:24]} Be6 {[%clk 0:40:23]} 14. Nxe7+ {[%clk
1:30:16]} Nxe7 {[%clk 0:40:33]} 15. exd6 {[%clk 1:30:36]} Bxc4 {[%clk 0:39:54]}
16. dxe7 {[%clk 1:30:55]} Rfe8 {[%clk 0:40:05]} 17. Re1 {[%clk 1:29:22]} cxd4
{[%clk 0:36:33]} 18. Rc1 {[%clk 1:14:20]} Bd5 {[%clk 0:35:00]} 19. Rc2 {[%clk
0:46:30]} Qg6 {[%clk 0:27:00]} 20. Rd2 {[%clk 0:45:43]} Qf6 {[%clk 0:16:51]}
21. Rxd4 {[%clk 0:45:41]} Be6 {[%clk 0:15:21]} 22. Qd2 {[%clk 0:42:45]} Rxe7
{[%clk 0:12:33]} 23. Ng5 {[%clk 0:38:56]} Rae8 {[%clk 0:11:16]} 24. Ne4 {[%clk
0:36:51]} Qg6 {[%clk 0:11:28]} 25. Nd6 {[%clk 0:36:58]} Bh3 {[%clk 0:11:37]}
0-1

[Event "Deutsche Ländermeisterschaft 2021"]
[Site "Neumünster GER"]
[Date "2021.10.04"]
[Round "4"]
[White "Lutz, Ruben"]
[Black "Knüdel, Torben"]
[Result "1/2-1/2"]
[Termination "normal"]
[Board "2.3"]
[WhiteElo "2114"]
[BlackElo "2191"]
[WhiteClock "00:01:12"]
[BlackClock "00:06:56"]
[WhiteTeam "Sachsen"]
[BlackTeam "Niedersachsen"]
[PlyCount "63"]
[WhiteFideId "12975974"]
[BlackFideId "16208820"]
[EventCountry "GER"]
[EventRounds "7"]
[EventType "team-swiss"]
[EventDate "2021.10.01"]

1. d4 {[%clk 1:30:58]} e6 {[%clk 1:30:52]} 2. Nf3 {[%clk 1:31:09]} c5 {[%clk
1:31:17]} 3. c3 {[%clk 1:30:18]} Nc6 {[%clk 1:31:29]} 4. e3 {[%clk 1:25:07]}
Nf6 {[%clk 1:30:57]} 5. Bd3 {[%clk 1:25:00]} d5 {[%clk 1:28:02]} 6. O-O {[%clk
1:25:18]} Bd6 {[%clk 1:26:40]} 7. Nbd2 {[%clk 1:25:10]} Qc7 {[%clk 1:25:09]} 8.
Qe2 {[%clk 1:24:31]} cxd4 {[%clk 1:18:06]} 9. exd4 {[%clk 1:24:51]} Bd7 {[%clk
0:54:30]} 10. Re1 {[%clk 1:23:34]} O-O-O {[%clk 0:49:09]} 11. Ne5 {[%clk
1:19:20]} Ne4 {[%clk 0:47:51]} 12. Nxe4 {[%clk 1:13:47]} dxe4 {[%clk 0:47:32]}
13. Bxe4 {[%clk 1:08:43]} Nxe5 {[%clk 0:47:43]} 14. dxe5 {[%clk 1:09:08]} Bxe5
{[%clk 0:48:07]} 15. Bxb7+ {[%clk 1:05:38]} Qxb7 {[%clk 0:48:29]} 16. Qxe5
{[%clk 1:06:02]} Bc6 {[%clk 0:48:39]} 17. Qg3 {[%clk 0:58:59]} h5 {[%clk
0:45:49]} 18. h4 {[%clk 0:55:45]} f6 {[%clk 0:25:06]} 19. b4 {[%clk 0:48:36]}
g5 {[%clk 0:24:39]} 20. hxg5 {[%clk 0:43:06]} fxg5 {[%clk 0:22:20]} 21. Bxg5
{[%clk 0:39:36]} h4 {[%clk 0:22:29]} 22. Qh3 {[%clk 0:37:56]} Rd5 {[%clk
0:17:42]} 23. Bf4 {[%clk 0:30:57]} Bd7 {[%clk 0:10:40]} 24. Re5 {[%clk
0:21:23]} Rxe5 {[%clk 0:11:03]} 25. Bxe5 {[%clk 0:21:49]} Rg8 {[%clk 0:11:28]}
26. Re1 {[%clk 0:12:25]} Qd5 {[%clk 0:08:47]} 27. c4 {[%clk 0:05:35]} Qxc4
{[%clk 0:08:44]} 28. Qc3 {[%clk 0:04:28]} Qxc3 {[%clk 0:09:09]} 29. Bxc3 {[%clk
0:04:55]} Bc6 {[%clk 0:06:42]} 30. Rxe6 {[%clk 0:04:34]} Bxg2 {[%clk 0:06:59]}
31. Rh6 {[%clk 0:03:56]} h3 {[%clk 0:06:56]} 32. Rh8 {[%clk 0:01:12]} 1/2-1/2

[Event "Deutsche Ländermeisterschaft 2021"]
[Site "Neumünster GER"]
[Date "2021.10.04"]
[Round "4"]
[White "Payyappat, Sreyas"]
[Black "Ehrig, Leon Chris"]
[Result "1/2-1/2"]
[Termination "normal"]
[Board "2.4"]
[WhiteElo "2244"]
[BlackElo "1796"]
[WhiteClock "00:03:24"]
[BlackClock "00:04:46"]
[WhiteTeam "Niedersachsen"]
[BlackTeam "Sachsen"]
[PlyCount "74"]
[WhiteFideId "46674969"]
[BlackFideId "16244796"]
[EventCountry "GER"]
[EventRounds "7"]
[EventType "team-swiss"]
[EventDate "2021.10.01"]

1. e4 {[%clk 1:30:56]} c5 {[%clk 1:30:50]} 2. Nf3 {[%clk 1:31:15]} e6 {[%clk
1:31:13]} 3. b3 {[%clk 1:31:40]} d5 {[%clk 1:31:17]} 4. Bb5+ {[%clk 1:30:14]}
Bd7 {[%clk 1:30:25]} 5. Bxd7+ {[%clk 1:29:39]} Qxd7 {[%clk 1:29:24]} 6. exd5
{[%clk 1:29:35]} exd5 {[%clk 1:29:23]} 7. Ne5 {[%clk 1:21:53]} Qc7 {[%clk
1:24:12]} 8. Qe2 {[%clk 1:15:19]} Be7 {[%clk 1:20:50]} 9. d4 {[%clk 1:12:10]}
Nc6 {[%clk 1:12:10]} 10. Nxc6 {[%clk 1:05:10]} bxc6 {[%clk 1:05:54]} 11. O-O
{[%clk 0:59:23]} cxd4 {[%clk 0:59:42]} 12. c3 {[%clk 0:55:38]} dxc3 {[%clk
0:55:42]} 13. Nxc3 {[%clk 0:55:06]} Nf6 {[%clk 0:51:08]} 14. Ba3 {[%clk
0:46:23]} Kf8 {[%clk 0:42:00]} 15. Bxe7+ {[%clk 0:40:38]} Qxe7 {[%clk 0:42:03]}
16. Qa6 {[%clk 0:40:11]} Qc7 {[%clk 0:38:51]} 17. Rac1 {[%clk 0:37:07]} Qb6
{[%clk 0:33:12]} 18. Qa3+ {[%clk 0:33:47]} Kg8 {[%clk 0:32:45]} 19. Na4 {[%clk
0:29:48]} Qc7 {[%clk 0:31:15]} 20. b4 {[%clk 0:28:05]} a6 {[%clk 0:28:45]} 21.
Nc5 {[%clk 0:27:40]} g6 {[%clk 0:24:40]} 22. Nxa6 {[%clk 0:16:21]} Qb6 {[%clk
0:17:21]} 23. Qb2 {[%clk 0:15:34]} Kg7 {[%clk 0:14:44]} 24. Nc5 {[%clk
0:15:33]} Rhd8 {[%clk 0:14:52]} 25. Rfd1 {[%clk 0:15:05]} Rd6 {[%clk 0:14:03]}
26. Ne4 {[%clk 0:14:37]} Re6 {[%clk 0:14:00]} 27. Nxf6 {[%clk 0:12:28]} Rxf6
{[%clk 0:14:13]} 28. Rc2 {[%clk 0:12:23]} Re8 {[%clk 0:12:57]} 29. Rc3 {[%clk
0:07:18]} Kg8 {[%clk 0:11:48]} 30. Re3 {[%clk 0:06:19]} Rfe6 {[%clk 0:11:44]}
31. Rxe6 {[%clk 0:06:20]} Rxe6 {[%clk 0:12:11]} 32. a3 {[%clk 0:06:10]} Qb5
{[%clk 0:08:37]} 33. g3 {[%clk 0:05:28]} Re4 {[%clk 0:06:53]} 34. Qc2 {[%clk
0:04:11]} h5 {[%clk 0:05:21]} 35. h4 {[%clk 0:03:18]} Re2 {[%clk 0:04:30]} 36.
Qd3 {[%clk 0:03:13]} Re1+ {[%clk 0:04:46]} 37. Kg2 {[%clk 0:03:24]} Rxd1
1/2-1/2

[Event "Deutsche Ländermeisterschaft 2021"]
[Site "Neumünster GER"]
[Date "2021.10.04"]
[Round "4"]
[White "Peglau, Dora"]
[Black "Nizamova, Rita"]
[Result "1-0"]
[Termination "normal"]
[Board "2.5"]
[WhiteElo "1880"]
[BlackElo "1715"]
[WhiteClock "00:12:07"]
[BlackClock "00:12:57"]
[WhiteTeam "Sachsen"]
[BlackTeam "Niedersachsen"]
[PlyCount "67"]
[WhiteFideId "16220005"]
[BlackFideId "16221940"]
[EventCountry "GER"]
[EventRounds "7"]
[EventType "team-swiss"]
[EventDate "2021.10.01"]

1. c4 {[%clk 1:30:57]} Nf6 {[%clk 1:30:56]} 2. Nc3 {[%clk 1:31:22]} g6 {[%clk
1:31:21]} 3. g3 {[%clk 1:31:46]} Bg7 {[%clk 1:31:46]} 4. Bg2 {[%clk 1:32:11]}
d6 {[%clk 1:31:57]} 5. d4 {[%clk 1:32:18]} O-O {[%clk 1:32:11]} 6. Nf3 {[%clk
1:32:28]} Nc6 {[%clk 1:30:49]} 7. O-O {[%clk 1:29:13]} e5 {[%clk 1:30:23]} 8.
d5 {[%clk 1:29:33]} Ne7 {[%clk 1:30:15]} 9. e4 {[%clk 1:28:50]} Nh5 {[%clk
1:29:56]} 10. Nh4 {[%clk 1:23:31]} Bd7 {[%clk 1:27:11]} 11. Be3 {[%clk
1:19:34]} Qc8 {[%clk 1:27:27]} 12. c5 {[%clk 1:15:04]} f5 {[%clk 1:25:05]} 13.
Bg5 {[%clk 1:05:02]} Nf6 {[%clk 1:18:55]} 14. cxd6 {[%clk 1:03:02]} cxd6 {[%clk
1:16:00]} 15. Rc1 {[%clk 1:01:23]} Qd8 {[%clk 1:09:46]} 16. Qb3 {[%clk
0:56:58]} h6 {[%clk 1:01:58]} 17. Bd2 {[%clk 0:51:19]} Ne8 {[%clk 0:58:14]} 18.
Rc2 {[%clk 0:40:23]} f4 {[%clk 0:58:01]} 19. h3 {[%clk 0:37:16]} g5 {[%clk
0:56:42]} 20. Nf3 {[%clk 0:37:29]} Nf6 {[%clk 0:43:44]} 21. Qxb7 {[%clk
0:26:58]} Rc8 {[%clk 0:41:14]} 22. Qb3 {[%clk 0:25:37]} a5 {[%clk 0:39:34]} 23.
Rfc1 {[%clk 0:19:25]} Rb8 {[%clk 0:39:31]} 24. Qa3 {[%clk 0:19:23]} Qb6 {[%clk
0:38:48]} 25. g4 {[%clk 0:17:16]} h5 {[%clk 0:35:27]} 26. gxh5 {[%clk 0:14:36]}
g4 {[%clk 0:28:40]} 27. hxg4 {[%clk 0:14:17]} Nxg4 {[%clk 0:28:53]} 28. Be1
{[%clk 0:14:00]} Rf6 {[%clk 0:27:45]} 29. Na4 {[%clk 0:13:10]} Bxa4 {[%clk
0:25:45]} 30. Qxa4 {[%clk 0:13:38]} Rh6 {[%clk 0:21:11]} 31. Qd7 {[%clk
0:13:19]} Nf6 {[%clk 0:12:46]} 32. Qxe7 {[%clk 0:12:33]} Nxe4 {[%clk 0:12:42]}
33. Rc8+ {[%clk 0:12:21]} Kh7 {[%clk 0:12:57]} 34. R1c7 {[%clk 0:12:07]} 1-0

[Event "Deutsche Ländermeisterschaft 2021"]
[Site "Neumünster GER"]
[Date "2021.10.04"]
[Round "4"]
[White "Sauer, Tim"]
[Black "Peglau, Charis"]
[Result "0-1"]
[Termination "normal"]
[Board "2.6"]
[WhiteElo "1703"]
[BlackElo "1820"]
[WhiteClock "00:34:18"]
[BlackClock "00:52:12"]
[WhiteTeam "Niedersachsen"]
[BlackTeam "Sachsen"]
[PlyCount "52"]
[WhiteFideId "16265726"]
[BlackFideId "16219996"]
[EventCountry "GER"]
[EventRounds "7"]
[EventType "team-swiss"]
[EventDate "2021.10.01"]

1. c4 {[%clk 1:30:59]} c6 {[%clk 1:30:50]} 2. Nf3 {[%clk 1:30:57]} d5 {[%clk
1:31:09]} 3. e3 {[%clk 1:31:23]} Nf6 {[%clk 1:30:34]} 4. Qc2 {[%clk 1:31:25]}
g6 {[%clk 1:30:03]} 5. Nc3 {[%clk 1:30:31]} Bg7 {[%clk 1:24:30]} 6. b3 {[%clk
1:23:37]} Bf5 {[%clk 1:23:17]} 7. d3 {[%clk 1:23:34]} O-O {[%clk 1:22:15]} 8.
h3 {[%clk 1:15:56]} Qa5 {[%clk 1:16:14]} 9. Bb2 {[%clk 1:11:48]} dxc4 {[%clk
1:10:13]} 10. bxc4 {[%clk 1:11:39]} b5 {[%clk 1:08:13]} 11. Nd2 {[%clk
1:06:06]} Na6 {[%clk 1:05:03]} 12. e4 {[%clk 0:57:15]} Be6 {[%clk 1:04:06]} 13.
Be2 {[%clk 0:56:50]} bxc4 {[%clk 1:03:18]} 14. dxc4 {[%clk 0:56:57]} Qg5 {[%clk
1:01:52]} 15. Bf3 {[%clk 0:55:59]} Nb4 {[%clk 1:02:13]} 16. Qb1 {[%clk
0:52:23]} Rfd8 {[%clk 1:01:20]} 17. Bc1 {[%clk 0:43:27]} Nd3+ {[%clk 1:00:40]}
18. Ke2 {[%clk 0:43:18]} Qc5 {[%clk 0:53:15]} 19. Qxd3 {[%clk 0:36:06]} Rxd3
{[%clk 0:53:23]} 20. Kxd3 {[%clk 0:36:27]} Rd8+ {[%clk 0:53:38]} 21. Kc2 {[%clk
0:36:16]} Bxc4 {[%clk 0:53:23]} 22. Nxc4 {[%clk 0:36:32]} Qxc4 {[%clk 0:53:48]}
23. Be2 {[%clk 0:36:31]} Qe6 {[%clk 0:53:32]} 24. f3 {[%clk 0:34:56]} Nxe4
{[%clk 0:51:30]} 25. fxe4 {[%clk 0:34:03]} Bxc3 {[%clk 0:51:48]} 26. Kxc3
{[%clk 0:34:18]} Qe5+ {[%clk 0:52:12]} 0-1

[Event "Deutsche Ländermeisterschaft 2021"]
[Site "Neumünster GER"]
[Date "2021.10.04"]
[Round "4"]
[White "Herrmann, Arthur"]
[Black "Zöllner, Bente"]
[Result "0-1"]
[Termination "normal"]
[Board "2.7"]
[WhiteElo "1385"]
[BlackElo "1596"]
[WhiteClock "00:07:44"]
[BlackClock "00:15:21"]
[WhiteTeam "Sachsen"]
[BlackTeam "Niedersachsen"]
[PlyCount "114"]
[WhiteFideId "16287150"]
[BlackFideId "16230523"]
[EventCountry "GER"]
[EventRounds "7"]
[EventType "team-swiss"]
[EventDate "2021.10.01"]

1. e4 {[%clk 1:30:57]} c5 {[%clk 1:30:52]} 2. Nf3 {[%clk 1:31:23]} Nc6 {[%clk
1:31:13]} 3. d4 {[%clk 1:31:49]} cxd4 {[%clk 1:31:37]} 4. Nxd4 {[%clk 1:32:14]}
e5 {[%clk 1:31:32]} 5. Nb5 {[%clk 1:32:30]} a6 {[%clk 1:31:36]} 6. Nd6+ {[%clk
1:30:19]} Bxd6 {[%clk 1:31:37]} 7. Qxd6 {[%clk 1:30:31]} Qf6 {[%clk 1:30:58]}
8. Qxf6 {[%clk 1:27:28]} Nxf6 {[%clk 1:30:14]} 9. Nc3 {[%clk 1:26:26]} d5
{[%clk 1:25:54]} 10. Nxd5 {[%clk 1:20:47]} Nxd5 {[%clk 1:24:59]} 11. exd5
{[%clk 1:21:11]} Nb4 {[%clk 1:24:53]} 12. Bd3 {[%clk 1:20:13]} Nxd3+ {[%clk
1:22:51]} 13. cxd3 {[%clk 1:20:35]} Bf5 {[%clk 1:21:37]} 14. O-O {[%clk
1:15:49]} O-O {[%clk 1:18:00]} 15. Be3 {[%clk 1:12:38]} Rfd8 {[%clk 1:16:07]}
16. d4 {[%clk 1:09:27]} e4 {[%clk 1:13:09]} 17. Rac1 {[%clk 1:08:11]} Rxd5
{[%clk 1:11:53]} 18. Rc7 {[%clk 1:06:37]} b6 {[%clk 1:05:39]} 19. Rfc1 {[%clk
1:05:18]} Be6 {[%clk 1:03:16]} 20. b3 {[%clk 1:02:49]} h6 {[%clk 0:56:15]} 21.
Rb7 {[%clk 0:56:53]} Ra5 {[%clk 0:52:19]} 22. Rc2 {[%clk 0:55:50]} Rb5 {[%clk
0:51:06]} 23. Rc6 {[%clk 0:49:10]} Bd5 {[%clk 0:47:21]} 24. Rbxb6 {[%clk
0:48:33]} Bxc6 {[%clk 0:47:18]} 25. Rxc6 {[%clk 0:48:52]} Rbb8 {[%clk 0:46:17]}
26. d5 {[%clk 0:46:49]} Rc8 {[%clk 0:44:22]} 27. Bf4 {[%clk 0:46:17]} g5 {[%clk
0:42:36]} 28. Bc7 {[%clk 0:44:37]} Kf8 {[%clk 0:36:56]} 29. d6 {[%clk 0:43:03]}
Ke8 {[%clk 0:34:23]} 30. Kf1 {[%clk 0:40:14]} Kd7 {[%clk 0:32:51]} 31. Rc5
{[%clk 0:38:54]} f6 {[%clk 0:31:55]} 32. Ke2 {[%clk 0:38:14]} Re8 {[%clk
0:31:11]} 33. Ke3 {[%clk 0:37:26]} Re6 {[%clk 0:24:37]} 34. b4 {[%clk 0:34:35]}
Rf8 {[%clk 0:22:13]} 35. g4 {[%clk 0:30:48]} Re5 {[%clk 0:21:02]} 36. Rxe5
{[%clk 0:26:51]} fxe5 {[%clk 0:21:25]} 37. a4 {[%clk 0:25:04]} Rf3+ {[%clk
0:20:19]} 38. Kxe4 {[%clk 0:24:39]} Rf4+ {[%clk 0:17:48]} 39. Kxe5 {[%clk
0:23:57]} Rxb4 {[%clk 0:17:57]} 40. f3 {[%clk 0:20:04]} Rf4 {[%clk 0:17:03]}
41. h4 {[%clk 0:17:51]} Rxf3 {[%clk 0:15:46]} 42. hxg5 {[%clk 0:15:48]} hxg5
{[%clk 0:16:02]} 43. Kd5 {[%clk 0:15:20]} Rf4 {[%clk 0:15:53]} 44. a5 {[%clk
0:15:16]} Rxg4 {[%clk 0:15:35]} 45. Kc5 {[%clk 0:15:03]} Ra4 {[%clk 0:14:08]}
46. Kb6 {[%clk 0:14:08]} g4 {[%clk 0:14:21]} 47. Kxa6 {[%clk 0:13:58]} g3
{[%clk 0:14:30]} 48. Bb6 {[%clk 0:09:43]} g2 {[%clk 0:14:00]} 49. Kb5 {[%clk
0:08:27]} Ra1 {[%clk 0:14:14]} 50. Ka6 g1=Q {[%clk 0:14:06]} 51. Bxg1 {[%clk
0:07:51]} Rxg1 {[%clk 0:14:33]} 52. Kb7 {[%clk 0:07:57]} Rb1+ {[%clk 0:14:45]}
53. Ka7 {[%clk 0:07:31]} Kxd6 {[%clk 0:14:58]} 54. a6 {[%clk 0:06:37]} Kc7
{[%clk 0:14:41]} 55. Ka8 {[%clk 0:07:01]} Rb8+ {[%clk 0:15:05]} 56. Ka7 {[%clk
0:07:22]} Rb6 {[%clk 0:15:21]} 57. Ka8 {[%clk 0:07:44]} Rxa6# 0-1

[Event "Deutsche Ländermeisterschaft 2021"]
[Site "Neumünster GER"]
[Date "2021.10.04"]
[Round "4"]
[White "Oellrich, Emma"]
[Black "Müller, Cosima"]
[Result "1-0"]
[Termination "normal"]
[Board "2.8"]
[WhiteElo "1487"]
[BlackElo "1373"]
[WhiteClock "01:16:57"]
[BlackClock "01:14:27"]
[WhiteTeam "Niedersachsen"]
[BlackTeam "Sachsen"]
[PlyCount "59"]
[WhiteFideId "16268806"]
[BlackFideId "34601490"]
[EventCountry "GER"]
[EventRounds "7"]
[EventType "team-swiss"]
[EventDate "2021.10.01"]

1. d4 {[%clk 1:30:58]} d5 {[%clk 1:30:51]} 2. c4 {[%clk 1:31:20]} e6 {[%clk
1:31:16]} 3. Nf3 {[%clk 1:31:45]} c5 {[%clk 1:30:13]} 4. cxd5 {[%clk 1:31:59]}
exd5 {[%clk 1:30:34]} 5. g3 {[%clk 1:32:24]} Nf6 {[%clk 1:30:34]} 6. Bg2 {[%clk
1:31:13]} Nc6 {[%clk 1:30:35]} 7. O-O {[%clk 1:31:34]} cxd4 {[%clk 1:30:20]} 8.
Nxd4 {[%clk 1:31:53]} Bc5 {[%clk 1:30:33]} 9. Nxc6 {[%clk 1:29:05]} bxc6 {[%clk
1:30:53]} 10. Qc2 {[%clk 1:29:30]} Qe7 {[%clk 1:29:53]} 11. Bg5 {[%clk
1:29:42]} Bd7 {[%clk 1:22:38]} 12. e4 {[%clk 1:28:50]} Bd4 {[%clk 1:21:34]} 13.
exd5 {[%clk 1:20:57]} cxd5 {[%clk 1:21:47]} 14. Nc3 {[%clk 1:21:22]} O-O {[%clk
1:19:30]} 15. Nxd5 {[%clk 1:21:37]} Qd6 {[%clk 1:19:14]} 16. Nxf6+ {[%clk
1:21:29]} Bxf6 {[%clk 1:19:32]} 17. Bxa8 {[%clk 1:21:02]} Bxg5 {[%clk 1:18:48]}
18. Bg2 {[%clk 1:21:26]} Rc8 {[%clk 1:18:23]} 19. Qd1 {[%clk 1:21:16]} Qc7
{[%clk 1:18:03]} 20. f4 {[%clk 1:20:06]} Bf6 {[%clk 1:17:41]} 21. Rc1 {[%clk
1:19:59]} Qb6+ {[%clk 1:17:41]} 22. Kh1 {[%clk 1:18:55]} Rxc1 {[%clk 1:17:44]}
23. Qxc1 {[%clk 1:19:07]} Bxb2 {[%clk 1:17:40]} 24. Qd2 {[%clk 1:19:15]} Be6
{[%clk 1:17:01]} 25. Rb1 {[%clk 1:19:13]} h6 {[%clk 1:15:36]} 26. Qxb2 {[%clk
1:19:09]} Qe3 {[%clk 1:15:39]} 27. Qe5 {[%clk 1:17:18]} Qd2 {[%clk 1:14:08]}
28. Rb8+ {[%clk 1:16:47]} Kh7 {[%clk 1:14:09]} 29. Be4+ {[%clk 1:16:57]} g6
{[%clk 1:14:27]} 30. Qh8# 1-0

[Event "Deutsche Ländermeisterschaft 2021"]
[Site "Neumünster GER"]
[Date "2021.10.04"]
[Round "4"]
[White "Muckle, Julius"]
[Black "Krastev, Alexander"]
[Result "1/2-1/2"]
[Termination "normal"]
[Board "3.1"]
[WhiteTitle "FM"]
[BlackTitle "FM"]
[WhiteElo "2414"]
[BlackElo "2393"]
[WhiteClock "00:01:38"]
[BlackClock "00:22:07"]
[WhiteTeam "Rheinland-Pfalz"]
[BlackTeam "Nordrhein-Westfalen"]
[PlyCount "103"]
[WhiteFideId "12942430"]
[BlackFideId "12989983"]
[EventCountry "GER"]
[EventRounds "7"]
[EventType "team-swiss"]
[EventDate "2021.10.01"]

1. d4 {[%clk 1:30:58]} Nf6 {[%clk 1:30:56]} 2. Bg5 {[%clk 1:31:25]} c5 {[%clk
1:23:50]} 3. d5 {[%clk 1:31:39]} d6 {[%clk 1:23:01]} 4. Nc3 {[%clk 1:31:11]} g6
{[%clk 1:23:26]} 5. e4 {[%clk 1:31:19]} Bg7 {[%clk 1:23:37]} 6. Nf3 {[%clk
1:31:39]} O-O {[%clk 1:22:28]} 7. Nd2 {[%clk 1:31:10]} Na6 {[%clk 1:19:32]} 8.
Bc4 {[%clk 1:23:20]} Nc7 {[%clk 1:19:11]} 9. O-O {[%clk 1:23:40]} a6 {[%clk
1:16:37]} 10. a4 {[%clk 1:24:04]} b6 {[%clk 1:17:02]} 11. f4 {[%clk 1:22:00]}
Ng4 {[%clk 1:03:16]} 12. Qf3 {[%clk 1:11:23]} Bd4+ {[%clk 0:57:08]} 13. Kh1 f6
{[%clk 0:55:34]} 14. Bh4 {[%clk 1:08:12]} g5 {[%clk 0:55:19]} 15. fxg5 {[%clk
0:54:56]} fxg5 {[%clk 0:55:29]} 16. Qxf8+ {[%clk 0:55:04]} Qxf8 {[%clk
0:55:52]} 17. Rxf8+ {[%clk 0:55:32]} Kxf8 {[%clk 0:56:14]} 18. Bg3 {[%clk
0:53:46]} Rb8 {[%clk 0:46:43]} 19. Nf3 {[%clk 0:21:16]} b5 {[%clk 0:23:10]} 20.
axb5 {[%clk 0:21:31]} axb5 {[%clk 0:23:01]} 21. Bd3 {[%clk 0:18:13]} b4 {[%clk
0:14:53]} 22. Nd1 {[%clk 0:10:48]} Bf6 {[%clk 0:15:10]} 23. h3 {[%clk 0:10:14]}
Nh6 {[%clk 0:15:32]} 24. e5 {[%clk 0:10:20]} dxe5 {[%clk 0:15:55]} 25. Nxe5
{[%clk 0:10:46]} Ra8 {[%clk 0:15:45]} 26. Rxa8 {[%clk 0:08:21]} Nxa8 {[%clk
0:16:14]} 27. Ne3 {[%clk 0:08:38]} Nb6 {[%clk 0:14:59]} 28. Bxh7 {[%clk
0:08:15]} Nf7 {[%clk 0:14:25]} 29. N5c4 {[%clk 0:02:18]} Nxc4 {[%clk 0:14:27]}
30. Nxc4 {[%clk 0:02:47]} Ba6 {[%clk 0:14:47]} 31. b3 {[%clk 0:02:42]} Bxc4
{[%clk 0:14:39]} 32. bxc4 {[%clk 0:03:11]} Bd4 {[%clk 0:14:52]} 33. Bd3 {[%clk
0:02:29]} Ne5 {[%clk 0:15:16]} 34. Be2 {[%clk 0:02:56]} Kg7 {[%clk 0:14:08]}
35. Bh2 {[%clk 0:02:38]} Kf6 {[%clk 0:13:27]} 36. g4 {[%clk 0:02:04]} Ng6
{[%clk 0:12:11]} 37. Bd3 {[%clk 0:01:09]} Nh4 {[%clk 0:04:01]} 38. Be4 {[%clk
0:01:05]} Be3 {[%clk 0:03:39]} 39. Bg3 {[%clk 0:00:57]} Bd4 {[%clk 0:03:56]}
40. Bh2 {[%clk 0:00:35]} Be3 {[%clk 0:03:49]} 41. d6 {[%clk 0:20:52]} exd6
{[%clk 0:30:39]} 42. Bxd6 {[%clk 0:19:38]} Ke6 {[%clk 0:29:36]} 43. Bc7 {[%clk
0:18:20]} Kd7 {[%clk 0:26:18]} 44. Bb8 {[%clk 0:12:31]} Ke7 {[%clk 0:24:20]}
45. Be5 {[%clk 0:09:25]} Ke6 {[%clk 0:24:25]} 46. Bb2 {[%clk 0:06:30]} Kd6
{[%clk 0:24:09]} 47. Bd5 {[%clk 0:05:32]} Ke7 {[%clk 0:23:36]} 48. Kh2 {[%clk
0:04:03]} Kd6 {[%clk 0:22:54]} 49. Bf6 {[%clk 0:03:59]} Kd7 {[%clk 0:22:34]}
50. Kg3 {[%clk 0:02:23]} Kd6 {[%clk 0:22:46]} 51. Kh2 {[%clk 0:01:39]} Kd7
{[%clk 0:22:07]} 52. Kg3 {[%clk 0:01:38]} 1/2-1/2